1999 1200 1578 1239 1949 1913 1876 1235 1083 1660 1021 1436 1446 1153 1017 1298 1042 1632 1029 1988 1635 1799 1147 1917 1167 1837 1869 1105 1665 1883 1974 1698 1679 1637 1202 1687 1525 1348 1520 1904 1841 1876 1012 1023 1240 1359 1086 1229 1387 1473 1491 1426 1646 1688 1038 1853 1330 1587 1709 1019 1517 1162 1436 1369 1258 1413 1002 1765 1613 1814 1043 1529 1394 1717 1727 1051 1115 1848 1607 1375 1059 1614 1627 1710 1831 1891 1189 1248 1535 1687 1702 1506 1953 1369 1571 1424 1532 1693 1417 BCNSPRNW ULIB Ver.6.0+V

เปลี่ยนเป็นภาษาไทย

Change to English
 แสดงรายละเอียดบรรณานุกรม
  กลับหน้าหลัก

Brief Record : Get Marc (ISO 2709) : E-mail record : QR code < ปิดหน้าต่าง
LEADER : 00000nam 2200000uu 4500
001    13399112690
003     ULIB
008    110220s2553||||th 000 0 tha d
099    วจ.TK5105.5^bว384พ
100 0  วัชรา สุขแท้
245 00 พฤติกรรมการใช้อินเทอร์เน็ตและปัญหาที่เกี่ยวข้องกับการใช้อินเทอร์เน็ตของนักศึกษาพยาบาลศาสตร์บันฑิต วิทยาลัยพยาบาลบรมราชชนนี สวรรค์ประชารักษ์ นครสวรรค์/^cวัชรา สุขแท้
260    นครสวรรค์:^bวิทยาลัยพยาบาลบรมราชชนนี สวรรค์ประชารักษ์ นครสวรรค์,^c2553
300    67 หน้า
650  7 การใช้อินเทอร์เน็ต^xวิจัย
710 2  กระทรวงสาธารณสุข.^bสถาบันพระบรมราชนก.^bวิทยาลัยพยาบาลบรมราชชนนี สวรรค์ประชารักษ์ นครสวรรค์.
945    ^p0^l0^i029240
995    ทศพร
999 ^a ใช้งานได้ทุกระบบ
รายการนี้ยังไม่มีแท็ก
คุณยังไม่ได้ล็อกอิน คุณสามารถมีกิจกรรมร่วมกับเว็บไซต์ได้ แต่ต้องล็อกอินก่อน ::
  ล็อกอิน

รายการสื่อสารสนเทศ

ลำดับที่ ประเภท เลขเรียก/บาร์โค้ด สถานที่ สถานะ
- ไม่พบข้อมูล -

รายการใกล้เคียง
    ผู้แต่ง [วัชรา สุขแท้]

BibComment


ยังไม่เคยถูกคอมเมนท์

คอมเมนท์ทรัพยากรรายการนี้
  คอมเมนท์: พฤติกรรมการใช้อิน..


 Copyright 2026. Bcnsprnw @Library